[Event "San Sebastian op 40th"]
[Site "San Sebastian"]
[Date "2017.04.08"]
[Round "1"]
[White "Arrondo Carbonell, Pablo"]
[Black "Becerra, Juan David"]
[Result "1-0"]
[WhiteElo "1706"]
[BlackElo "2341"]
[PlyCount "45"]
[EventDate "2017.04.08"]
[EventType "swiss"]
[EventRounds "9"]
[EventCountry "ESP"]
[SourceTitle "CBM 177 Extra"]
[Source "ChessBase"]
[SourceDate "2017.04.27"]
[SourceVersion "1"]
[SourceVersionDate "2017.04.27"]
[SourceQuality "1"]

1. d4 d5 2. c4 Nf6 3. cxd5 Nxd5 4. e4 Nb6 5. Nc3 e6 6. Nf3 Nc6 7. Be3 Bd7 8. Bd3 Bb4 9. 0-0 0-0 10. a3 Be7 11. b4 a6 12. Rc1 Re8 13. Qc2 Rc8 14. Rfd1 Bf6 15. e5 Be7 16. Bxh7+ Kf8 17. d5 exd5 18. Nxd5 Nb8 19. Nxe7 Rxe7 20. Bc5 Qe8 21. Qe4 Bc6 22. Qh4 N8d7 23. Bf5 1-0